000
00307nam a2200121Ia 4500
008
220217s9999||||xx |||||||||||||| ||und||
082
_a
374.4 PAN
100
_a
Panangad,Gopainath
_9
4168
245
0
_a
study online
260
_a
projectvission
_b
Kerala
_c
2005
300
_b
300
650
_a
GENERAL BOOKS
999
_c
173660
_d
173660